McGraw-Hill dictionary of mechanical and design engineering / (Record no. 61068)

000 -LEADER
fixed length control field 01051cam a2200289 a 4500
001 - CONTROL NUMBER
control field 4261001
003 - CONTROL NUMBER IDENTIFIER
control field NUST-PNEC
005 - DATE AND TIME OF LATEST TRANSACTION
control field 20170116180713.0
008 - FIXED-LENGTH DATA ELEMENTS--GENERAL INFORMATION
fixed length control field 841205s1984 nyu d 000 0 eng
010 ## - LIBRARY OF CONGRESS CONTROL NUMBER
LC control number 84028853
020 ## - INTERNATIONAL STANDARD BOOK NUMBER
International Standard Book Number 0070454140
Terms of availability $15.95 (est.)
040 ## - CATALOGING SOURCE
Transcribing agency PNEC
050 00 - LIBRARY OF CONGRESS CALL NUMBER
Classification number TJ9
Item number .M395 1984
082 00 - DEWEY DECIMAL CLASSIFICATION NUMBER
Classification number 620.003 PAR
100 ## - MAIN ENTRY--PERSONAL NAME
9 (RLIN) 631
Personal name Parker Sybil P
245 00 - TITLE STATEMENT
Title McGraw-Hill dictionary of mechanical and design engineering /
Statement of responsibility, etc. Sybil P. Parker, editor in chief.
260 ## - PUBLICATION, DISTRIBUTION, ETC.
Place of publication, distribution, etc. New York :
Name of publisher, distributor, etc. McGraw-Hill Book Co.,
Date of publication, distribution, etc. c1984.
300 ## - PHYSICAL DESCRIPTION
Extent 387 p. ;
Dimensions 22 cm.
500 ## - GENERAL NOTE
General note http://www.amazon.com/McGraw-Hill-Dictionary-Mechanical-Design-Engineering/dp/0070454140/ref=sr_1_1?ie=UTF8&qid=1413436766&sr=8-1&keywords=0070454140
650 #0 - SUBJECT ADDED ENTRY--TOPICAL TERM
Topical term or geographic name entry element Mechanical engineering
General subdivision ME
650 #0 - SUBJECT ADDED ENTRY--TOPICAL TERM
Topical term or geographic name entry element Engineering design
General subdivision Dictionaries.
700 1# - ADDED ENTRY--PERSONAL NAME
Personal name Parker, Sybil P.
710 2# - ADDED ENTRY--CORPORATE NAME
Corporate name or jurisdiction name as entry element McGraw-Hill Book Company.
740 0# - ADDED ENTRY--UNCONTROLLED RELATED/ANALYTICAL TITLE
Uncontrolled related/analytical title Dictionary of mechanical and design engineering.
906 ## - LOCAL DATA ELEMENT F, LDF (RLIN)
a 7
b cbc
c orignew
d 1
e ocip
f 19
g y-gencatlg
942 ## - ADDED ENTRY ELEMENTS (KOHA)
Source of classification or shelving scheme
Koha item type Book
Holdings
Withdrawn status Lost status Source of classification or shelving scheme Damaged status Not for loan Permanent Location Current Location Shelving location Date acquired Source of acquisition Cost, normal purchase price Total Checkouts Full call number Barcode Date last seen Cost, replacement price Price effective from Koha item type
          Pakistan Navy Engineering College (PNEC) Pakistan Navy Engineering College (PNEC) Reference 03/22/1990 Royal Book Co. 232.75   620.003 PAR PNECLIB-013574 10/16/2014 232.75 03/22/1990 Book
© 2023 Central Library, National University of Sciences and Technology. All Rights Reserved.